| 000 | 00613cam a2200217 4500 | ||
|---|---|---|---|
| 001 | 3616023 | ||
| 003 | BD-DhUL | ||
| 005 | 20160517181240.0 | ||
| 008 | 740503s1974 ohua b 001 0 eng | ||
| 020 | _a0675088429 | ||
| 040 |
_aDLC _cBD-DhUL _dBD-DhUL |
||
| 082 | 0 | 0 |
_a332.63.63 _bWOI |
| 100 | 1 | _aWoodruff, Ronald S. | |
| 245 | 1 | 0 |
_aIndustrial security techniques / _cRonald S. Woodruff. |
| 260 |
_aColumbus : _bMerrill, _c1974 |
||
| 300 |
_aix, 166 p.: _bill. ; _c23 cm. |
||
| 504 | _aBibliography: p. 159-161. | ||
| 650 | 0 | _aPolice, Private. | |
| 650 | 0 |
_aIndustries _xSecurity measures. |
|
| 942 |
_2ddc _cBK |
||
| 999 |
_c66934 _d66934 |
||